APPLIED MARKETING ANALYTICS (Record no. 216333)

MARC details
000 -LEADER
fixed length control field 00468nam a22001577a 4500
008 - FIXED-LENGTH DATA ELEMENTS--GENERAL INFORMATION
fixed length control field 251204b |||||||| |||| 00| 0 eng d
020 ## - INTERNATIONAL STANDARD BOOK NUMBER
International Standard Book Number 978-93-90544-17-2
050 ## - LIBRARY OF CONGRESS CALL NUMBER
Classification number QA 276.45.G57 2024
100 ## - MAIN ENTRY--PERSONAL NAME
Personal name ARUNANGSHU GIRL
245 ## - TITLE STATEMENT
Title APPLIED MARKETING ANALYTICS
Remainder of title USING SPSS{ MODELER,STSTISTICS AMOS GRAPHICS]
260 ## - PUBLICATION, DISTRIBUTION, ETC.
Place of publication, distribution, etc. DELHI
Name of publisher, distributor, etc. PHI LEARNINGPRIVATE LIMITED
Date of publication, distribution, etc. 2024
300 ## - PHYSICAL DESCRIPTION
Extent X,256
500 ## - GENERAL NOTE
General note INCLUDES AN INDEX
942 ## - ADDED ENTRY ELEMENTS (KOHA)
Source of classification or shelving scheme Library of Congress Classification
Koha item type Long Loan Book
Holdings
Withdrawn status Lost status Source of classification or shelving scheme Damaged status Not for loan Collection Home library Current library Shelving location Date acquired Inventory number Total checkouts Full call number Barcode Date last seen Copy number Price effective from Koha item type
    Library of Congress Classification     Science & Technology Kisii University Library Kisii University Library On Display 12/04/2025 110347   QA 276.45.G57 2024 000000001425 12/04/2025 C.4 12/04/2025 Long Loan Book
    Library of Congress Classification     Science & Technology Kisii University Library Kisii University Library On Display 12/04/2025 110346   QA 276.45.G57 2024 000000001426 12/04/2025 C.3 12/04/2025 Long Loan Book
    Library of Congress Classification     Science & Technology Kisii University Library Kisii University Library On Display 12/04/2025 110345   QA 276.45.G57 2024 000000023621 12/04/2025 C.2 12/04/2025 Long Loan Book
    Library of Congress Classification     Science & Technology Kisii University Library Kisii University Library On Display 12/04/2025 110344   QA 276.45.G57 2024 000000023620 12/04/2025 C.1 12/04/2025 Long Loan Book